000 00648nam a22001937a 4500
005 20140926152404.0
010 _aENG-110887
020 _a9789351432074
_c540.00
035 _aEN-94419
037 _bDBAD/PUB
082 _a343.052
100 _aDubey, Arvind
245 _aTaxation direct tax :
_cby Arvind Dubey
_bassessment year 2014-15 for CA-intermediate (IPC) November, 2014 examination /
250 _a11th rev. ed
260 _aGurgaon
_bLexis Nexis
_c2014
270 _a14th Floor, Building No.10, Tower-B, DLF Cyber City, Phase-II
_bGurgaon
_e122002
300 _a630p.
_c28cm(pbk)
942 _2ddc
_cEN
_mDUB
_h343.052
999 _c88727
_d88727